000 00305nam a22001337a 4500
008 170527b xxu||||| |||| 00| 0 eng d
020 _a3211822992
041 _aeng
080 _a007.52
100 _a27
101 _aIM
245 _aUNCERTAIN MODELS AND ROBUST CONTROL
_cWAINMANN, A
942 _2udc
_cBK
999 _c14677
_d14677